<?xml version="1.0" encoding="UTF-8"?>
<record
    xmlns:xsi="http://www.w3.org/2001/XMLSchema-instance"
    xsi:schemaLocation="http://www.loc.gov/MARC21/slim http://www.loc.gov/standards/marcxml/schema/MARC21slim.xsd"
    xmlns="http://www.loc.gov/MARC21/slim">

  <leader>00682nam a2200193   4500</leader>
  <controlfield tag="001">143018</controlfield>
  <controlfield tag="003">ES-MaACL</controlfield>
  <controlfield tag="005">20251122063128.0</controlfield>
  <controlfield tag="007">t|</controlfield>
  <controlfield tag="008">070214s1914    fr      r    ||||1| fre d</controlfield>
  <datafield tag="100" ind1="1" ind2=" ">
    <subfield code="a">Montesquieu, Charles-Louis de Secondat,  </subfield>
    <subfield code="c">baron de, </subfield>
    <subfield code="d">1689-1755</subfield>
    <subfield code="9">82608</subfield>
  </datafield>
  <datafield tag="245" ind1="1" ind2="0">
    <subfield code="a">Correspondance de Montesquieu / </subfield>
    <subfield code="c">Charles-Louis de Secondat Montesquieu ; publi&#xE9;e par Fran&#xE7;ois Gebelin ; avec la collaboration de Andr&#xE9; Morize.</subfield>
  </datafield>
  <datafield tag="260" ind1=" " ind2=" ">
    <subfield code="a">Paris : </subfield>
    <subfield code="b">Honore Champion, </subfield>
    <subfield code="c">1914.</subfield>
  </datafield>
  <datafield tag="300" ind1=" " ind2=" ">
    <subfield code="a">2 v. ; </subfield>
    <subfield code="c">24 cm.</subfield>
  </datafield>
  <datafield tag="700" ind1="1" ind2=" ">
    <subfield code="a">Gebelin, Fran&#xE7;ois.</subfield>
    <subfield code="9">56182</subfield>
  </datafield>
  <datafield tag="700" ind1="1" ind2=" ">
    <subfield code="a">Morize, Andr&#xE9;.</subfield>
    <subfield code="9">83588</subfield>
  </datafield>
  <datafield tag="852" ind1=" " ind2=" ">
    <subfield code="a">ES-MaACL</subfield>
    <subfield code="j">F-5410</subfield>
  </datafield>
  <datafield tag="999" ind1=" " ind2=" ">
    <subfield code="c">143018</subfield>
    <subfield code="d">143018</subfield>
  </datafield>
  <datafield tag="952" ind1=" " ind2=" ">
    <subfield code="0">0</subfield>
    <subfield code="1">0</subfield>
    <subfield code="4">0</subfield>
    <subfield code="7">0</subfield>
    <subfield code="a">ATENEOM</subfield>
    <subfield code="b">ATENEOM</subfield>
    <subfield code="c">DEPO2</subfield>
    <subfield code="d">2008-01-17</subfield>
    <subfield code="e">SC</subfield>
    <subfield code="l">0</subfield>
    <subfield code="o">F-5410</subfield>
    <subfield code="p">1148801</subfield>
    <subfield code="r">2023-02-23 00:00:00</subfield>
    <subfield code="w">2023-02-23</subfield>
    <subfield code="y">MONOGRAFIA</subfield>
  </datafield>
</record>
